[Event "NRW-ch U16/18 Girls"]
[Site "Kranenburg"]
[Date "2005.03.31"]
[Round "5"]
[White "Deeke, Doreen"]
[Black "Hembach, Stephanie Nicole"]
[Result "1/2-1/2"]
[WhiteElo "919"]
[BlackElo "1316"]
[PlyCount "29"]
[EventDate "2005.03.28"]
[EventType "swiss"]
[EventRounds "7"]
[EventCountry "GER"]
[SourceTitle "CBM 105 Extra"]
[Source "ChessBase"]
[SourceDate "2005.05.01"]
[SourceVersion "1"]
[SourceVersionDate "2005.05.01"]
[SourceQuality "1"]

1. d4 d5 2. Nf3 Nc6 3. e3 Bf5 4. Nc3 Nb4 5. Bd3 Qd7 6. a3 e6 7. 0-0 Nxd3 8. cxd3 c5 9. Re1 Nf6 10. Ne5 Qc7 11. Qa4+ Nd7 12. e4 cxd4 13. exf5 dxc3 14. bxc3 Be7 15. c4 1/2-1/2

[Event "SJNR-ch U18 Girls"]
[Site "Kranenburg"]
[Date "2005.01.03"]
[Round "1"]
[White "Hembach, Stephanie Nicole"]
[Black "Brustina, Valeriya"]
[Result "0-1"]
[WhiteElo "1338"]
[BlackElo "1426"]
[PlyCount "108"]
[EventDate "2005.01.03"]
[EventType "tourn"]
[EventRounds "5"]
[EventCountry "GER"]
[SourceTitle "EXT 2007"]
[Source "ChessBase"]
[SourceDate "2006.11.23"]
[SourceVersion "1"]
[SourceVersionDate "2006.11.23"]
[SourceQuality "1"]

1. e4 e5 2. Nf3 Nc6 3. Bc4 Nf6 4. Ng5 d5 5. 0-0 dxc4 6. d3 Be7 7. Nc3 h6 8. Nf3 0-0 9. Nd5 Nxd5 10. exd5 Qxd5 11. dxc4 Qxc4 12. Re1 Bg4 13. b3 Qe6 14. Qd3 Rad8 15. Qc3 Bf6 16. Qc4 Qxc4 17. bxc4 e4 18. Rb1 exf3 19. gxf3 Bxf3 20. Rxb7 Nd4 21. Ba3 Bxb7 22. Bxf8 Nf3+ 23. Kf1 Nxe1 24. Kxe1 Kxf8 25. Kf1 Rd1+ 26. Ke2 Rh1 27. c5 Rxh2 28. a4 Bd4 29. Kd3 Bxc5 30. f4 Rf2 31. Kc4 Rxf4+ 32. Kxc5 Rxa4 33. Kb5 Ra6 34. c4 h5 35. c5 h4 36. Kb4 h3 37. Kb5 h2 38. Kb4 Ra4+ 39. Kxa4 h1Q 40. Kb5 Ba6+ 41. Kxa6 Qc6+ 42. Kxa7 Qxc5+ 43. Kb8 Qb6+ 44. Kc8 Qa7 45. Kd7 Qa6 46. Kd8 c5 47. Kd7 Qe6+ 48. Kc7 Ke8 49. Kb7 Qd6 50. Kc8 Qd7+ 51. Kb8 Ke7 52. Ka8 Kd6 53. Kb8 Kc6 54. Ka8 Qb7# 0-1